1028 1367 1016 1169 1232 1302 1126 1498 1759 1901 1179 1477 1541 1115 1179 1189 1576 1726 1709 1814 1296 1447 1929 1596 1532 1283 1140 1396 1688 1757 1105 1075 1503 1273 1696 1153 1203 1414 1545 1819 1507 1789 1863 1329 1697 1418 1032 1482 1294 1747 1842 1981 1499 1175 1406 1120 1095 1561 1093 1509 1976 1592 1419 1543 1828 1702 1189 1715 1078 1732 1884 1397 1761 1939 1848 1645 1373 1832 1310 1506 1664 1808 1891 1541 1412 1453 1124 1276 1809 1741 1661 1479 1622 1828 1685 1069 1541 1201 1400 BCNSPRNW ULIB Ver.6.0+V

เปลี่ยนเป็นภาษาไทย

Change to English
 แสดงรายละเอียดบรรณานุกรม
  กลับหน้าหลัก

Brief Record : Get Marc (ISO 2709) : E-mail record : QR code < ปิดหน้าต่าง
LEADER : 00000nam 2200000uu 4500
001    13399109108
003     ULIB
008    110322s2552||||th 000 0 tha d
020    9789744140913
041 1  tha^heng
050  4 BF637.S4^bช713 2552
100 1  เชฟแมน, พีท
245 10 สุขภาพฟิตชีวิตเฟิร์ม =^bThe pocket life coach /^cผู้เขียน: Pate Chapman ; ผู้แปล : อมราลักษณ์ คลธา ; ผู้เรียบเรียง : อรชุมา เก่งชน
246 31  Pocket life coach
250    พิมพ์ครั้งที่ 1
260    กรุงเทพฯ :^bดีไลท์พับลิชชิ่ง,^c2552
300    215 หน้า :^bภาพประกอบ ;^c21 ซม.
650  7 สัจจการแห่งตน
650  7 สุขภาพ
700 0  อมราลักษณ์ คลธา,^eผู้แปล
700 0  อรชุมา เก่งชน,^eบรรณาธิการ
700 12 Chapman, Pete.^tThe pocket life coach
945    ^p175^l0^i029894
945    ^p175^l0^i029893
995    เกษร
999 ^a ใช้งานได้ทุกระบบ
รายการนี้ยังไม่มีแท็ก
คุณยังไม่ได้ล็อกอิน คุณสามารถมีกิจกรรมร่วมกับเว็บไซต์ได้ แต่ต้องล็อกอินก่อน ::
  ล็อกอิน

รายการสื่อสารสนเทศ

ลำดับที่ ประเภท เลขเรียก/บาร์โค้ด สถานที่ สถานะ
- ไม่พบข้อมูล -

รายการใกล้เคียง
    ผู้แต่ง [เชฟแมน, พีท]

    หัวเรื่อง [สัจจการแห่งตน]
    หัวเรื่อง [สุขภาพ]

BibComment


ยังไม่เคยถูกคอมเมนท์

คอมเมนท์ทรัพยากรรายการนี้
  คอมเมนท์: สุขภาพฟิตชีวิตเฟิ..


 Copyright 2026. Bcnsprnw @Library